Égypte, terre du Nil /
Saved in:
Main Author:
Format: Book
Language: French
Published:
Paris :
Plon,
[1939].
Subjects:
Tags: Add Tag
No Tags, Be the first to tag this record!
Call Number: DT55 .L4 1939
| LEADER | 00704namaa2200229 4500 | ||
|---|---|---|---|
| 001 | 18949 | ||
| 003 | OSt | ||
| 005 | 20260329082603.0 | ||
| 008 | 130303s1939 fr abef 000 0 fre d | ||
| 010 | |a 39022075 | ||
| 040 | |c ARCE Library | ||
| 043 | |a f-ua--- | ||
| 050 | 4 | |a DT55 .L4 1939 | |
| 100 | 1 | |a Leprette, Fernand, |e author |9 34677 | |
| 245 | 1 | 0 | |a Égypte, terre du Nil / |c illustré de 4 cartes et de 24 gravures hors texte. |
| 264 | 1 | |a Paris : |b Plon, |c [1939]. | |
| 300 | |a 3 preliminary leaves, 277 pages, 1 leaf : |b illustrations, maps, plates, plan ; |c 21 cm. | ||
| 500 | |a On cover: 7. édition. | ||
| 651 | 0 | |a Egypt |x Description and travel. | |
| 901 | |a reviewed | ||
| 942 | |c BK |2 lcc | ||
| 999 | |c 15997 |d 15997 | ||
